000
00281nam a2200109Ia 4500
005
20251222141935.0
008
251222s9999||||xx |||||||||||||| ||spa||
082
_a
362.829.2/P26D
100
_a
Parras Konrad, Sonia
245
0
_a
Defensa y Promoción de la Mujer Latina:
942
_c
LIB
999
_c
9149
_d
9149